[Event "RUS-chT Women Rapid 2019"]
[Site "Sochi"]
[Date "2019.10.18"]
[Round "1.1"]
[White "Pogonina, Natalija"]
[Black "Nasybullina, Alfia"]
[Result "1-0"]
[WhiteElo "2479"]
[BlackElo "2132"]
[Annotator "ChessBase"]
[PlyCount "51"]
[EventDate "2019.10.18"]
[EventType "swiss"]
[EventCountry "RUS"]
[SourceTitle "playchess.com"]
[Source "ChessBase"]
[SourceQuality "1"]
[TimeControl "900+10"]

1. d4 {[%emt 0:00:00]} Nf6 {[%emt 0:00:00]} 2. g3 {[%emt 0:00:00]} d5 {[%emt 0:00:00]} 3. Bg2 {[%emt 0:00:00]} e6 {[%emt 0:00:14]} 4. c4 {[%emt 0:00:02]} c6 {[%emt 0:00:01]} 5. Qc2 {[%emt 0:00:07]} Be7 {[%emt 0:00:13]} 6. Nf3 {[%emt 0:00:05]} O-O {[%emt 0:00:17]} 7. O-O {[%emt 0:00:03]} b6 {[%emt 0:00:08]} 8. Nbd2 {[%emt 0:00:13]} Bb7 {[%emt 0:00:07]} 9. e4 {[%emt 0:00:10]} dxc4 {[%emt 0:00:07]} 10. Nxc4 {[%emt 0:00:05]} c5 {[%emt 0:00:20]} 11. e5 {[%emt 0:02:53]} Nd5 {[%emt 0:00:35]} 12. a3 {[%emt 0:00:09]} Nc6 {[%emt 0:00:22]} 13. dxc5 {[%emt 0:00:20]} Bxc5 {[%emt 0:00:50]} 14. Ng5 {[%emt 0:00:06]} g6 {[%emt 0:00:48]} 15. Nf3 {[%emt 0:00:14]} Nd4 {[%emt 0:06:19]} 16. Nxd4 {[%emt 0:00:07]} Bxd4 {[%emt 0:00:02]} 17. Rd1 {[%emt 0:01:01]} Bc5 {[%emt 0:00:19]} 18. b4 {[%emt 0:02:24]} Be7 {[%emt 0:01:11]} 19. Bh6 {[%emt 0:00:03]} Re8 {[%emt 0:00:58]} 20. Qb2 {[%emt 0:00:52]} Rc8 {[%emt 0:02:27]} 21. Rac1 {[%emt 0:01:17]} b5 {[%emt 0:00:06]} 22. Ne3 {[%emt 0:03:59]} Rxc1 {[%emt 0:00:17]} 23. Qxc1 {[%emt 0:00:03]} Bg5 {[%emt 0:00:58]} 24. Bxg5 {[%emt 0:00:12]} Qxg5 {[%emt 0:00:01]} 25. Nxd5 {[%emt 0:00:04]} Qxc1 {[%emt 0:00:12]} 26. Nf6+ {[%emt 0:00:02]} 1-0

[Event "RUS-chT Women Rapid 2019"]
[Site "Sochi"]
[Date "2019.10.18"]
[Round "1.2"]
[White "Mukhina, Jana"]
[Black "Girya, Olga"]
[Result "0-1"]
[WhiteElo "2105"]
[BlackElo "2476"]
[Annotator "ChessBase"]
[PlyCount "64"]
[EventDate "2019.10.18"]
[EventType "swiss"]
[EventCountry "RUS"]
[SourceTitle "playchess.com"]
[Source "ChessBase"]
[SourceQuality "1"]
[TimeControl "900+10"]

1. e4 {[%emt 0:00:00]} c6 {[%emt 0:00:00]} 2. d4 {[%emt 0:00:00]} d5 {[%emt 0:00:00]} 3. Nc3 {[%emt 0:00:00]} dxe4 {[%emt 0:00:00]} 4. Nxe4 {[%emt 0:00:00]} Bf5 {[%emt 0:00:00]} 5. Ng3 {[%emt 0:00:00]} Bg6 {[%emt 0:00:00]} 6. h4 {[%emt 0:00:00]} h6 {[%emt 0:00:00]} 7. Nf3 {[%emt 0:00:00]} Nd7 {[%emt 0:00:00]} 8. h5 {[%emt 0:00:00]} Bh7 {[%emt 0:00:01]} 9. Bd3 {[%emt 0:00:00]} Bxd3 {[%emt 0:00:01]} 10. Qxd3 {[%emt 0:00:00]} e6 {[%emt 0:00:02]} 11. Bd2 {[%emt 0:00:01]} Ngf6 {[%emt 0:00:04]} 12. O-O-O {[%emt 0:00:03]} Be7 {[%emt 0:00:02]} 13. Kb1 {[%emt 0:00:22]} Qc7 {[%emt 0:00:01]} 14. Ne4 {[%emt 0:01:14]} Rd8 {[%emt 0:00:12]} 15. g3 {[%emt 0:01:22]} O-O {[%emt 0:03:18]} 16. g4 {[%emt 0:03:46]} Nxg4 {[%emt 0:00:07]} 17. Rdg1 {[%emt 0:00:46]} f5 {[%emt 0:00:03]} 18. Rxg4 {[%emt 0:01:17]} fxg4 {[%emt 0:00:09]} 19. Nh2 {[%emt 0:00:14]} Ne5 {[%emt 0:06:15]} 20. Qc3 {[%emt 0:05:12]} Nf3 {[%emt 0:00:06]} 21. Nxf3 {[%emt 0:01:28]} Rxf3 {[%emt 0:00:39]} 22. Qc4 {[%emt 0:00:00]} Qd7 {[%emt 0:00:07]} 23. Rg1 {[%emt 0:01:14]} Qd5 {[%emt 0:00:02]} 24. Qe2 {[%emt 0:00:15]} Qxh5 {[%emt 0:00:18]} 25. Bc3 {[%emt 0:00:27]} Qf5 {[%emt 0:00:49]} 26. Ng3 {[%emt 0:00:08]} Qd5 {[%emt 0:00:30]} 27. Nf1 {[%emt 0:00:18]} Rdf8 {[%emt 0:00:43]} 28. Ne3 {[%emt 0:00:09]} Qb5 {[%emt 0:00:30]} 29. Qe1 {[%emt 0:00:38]} h5 {[%emt 0:01:03]} 30. Nxg4 {[%emt 0:00:13]} hxg4 {[%emt 0:00:08]} 31. Qxe6+ {[%emt 0:00:01]} R8f7 {[%emt 0:00:21]} 32. a4 {[%emt 0:00:19]} Qf5 {[%emt 0:00:06]} 0-1

[Event "RUS-chT Women Rapid 2019"]
[Site "Sochi"]
[Date "2019.10.18"]
[Round "1.3"]
[White "Guseva, Marina"]
[Black "Mironenko, Galina"]
[Result "1/2-1/2"]
[WhiteElo "2366"]
[BlackElo "2236"]
[Annotator "NA"]
[PlyCount "54"]
[EventDate "2019.10.18"]
[EventType "swiss"]
[EventCountry "RUS"]
[SourceTitle "playchess.com"]
[Source "ChessBase"]
[SourceQuality "1"]
[TimeControl "900+10"]

1. d4 {[%emt 0:00:00]} Nf6 {[%emt 0:00:00]} 2. c4 {[%emt 0:00:00]} e6 {[%emt 0:00:00]} 3. Nc3 {[%emt 0:00:00]} Bb4 {[%emt 0:00:00]} 4. f3 {[%emt 0:00:00]} d5 {[%emt 0:00:00]} 5. a3 {[%emt 0:00:05]} Bxc3+ {[%emt 0:00:02]} 6. bxc3 {[%emt 0:00:02]} c5 {[%emt 0:00:03]} 7. cxd5 {[%emt 0:00:04]} Nxd5 {[%emt 0:00:05]} 8. dxc5 {[%emt 0:00:02]} Qa5 {[%emt 0:00:03]} 9. e4 {[%emt 0:00:03]} Nf6 {[%emt 0:00:02]} 10. Be3 {[%emt 0:00:02]} O-O {[%emt 0:00:03]} 11. Qb3 {[%emt 0:00:03]} Nfd7 {[%emt 0:00:03]} 12. a4 {[%emt 0:00:01]} Qc7 {[%emt 0:00:02]} 13. Qa3 {[%emt 0:00:03]} b6 {[%emt 0:00:02]} 14. a5 {[%emt 0:00:09]} bxc5 {[%emt 0:00:06]} 15. a6 {[%emt 0:00:07]} c4 {[%emt 0:00:02]} 16. Qa5 {[%emt 0:00:01]} Qxa5 {[%emt 0:00:02]} 17. Rxa5 {[%emt 0:00:02]} Nc6 {[%emt 0:00:02]} 18. Ra2 {[%emt 0:01:55]} Nde5 {[%emt 0:00:19]} 19. f4 {[%emt 0:00:54]} Ng4 {[%emt 0:00:03]} 20. Bc5 {[%emt 0:01:02]} Rd8 {[%emt 0:01:29]} 21. Bxc4 {[%emt 0:03:33]} Rb8 {[%emt 0:00:50]} 22. Ke2 {[%emt 0:00:20]} Rb1 {[%emt 0:03:19]} 23. Bd3 {[%emt 0:03:41]} Rb3 {[%emt 0:02:42]} 24. Rc2 {[%emt 0:00:44]} Rb1 {[%emt 0:02:27]} 25. Ra2 {[%emt 0:03:00]} Rb3 {[%emt 0:00:04]} 26. Rc2 {[%emt 0:01:37]} Rb1 {[%emt 0:00:02]} 27. Ra2 {[%emt 0:00:08]} Rb3 {[%emt 0:00:02]} 1/2-1/2

[Event "RUS-chT Women Rapid 2019"]
[Site "Sochi"]
[Date "2019.10.18"]
[Round "1.4"]
[White "Filippova, Darya"]
[Black "Kovanova, Baira"]
[Result "1-0"]
[WhiteElo "2034"]
[BlackElo "2344"]
[Annotator "NA RC"]
[PlyCount "101"]
[EventDate "2019.10.18"]
[EventType "swiss"]
[EventCountry "RUS"]
[SourceTitle "playchess.com"]
[Source "ChessBase"]
[SourceQuality "1"]
[TimeControl "900+10"]

1. c4 {[%emt 0:00:00]} e5 {[%emt 0:00:00]} 2. Nc3 {[%emt 0:00:02]} Nc6 {[%emt 0:00:00]} 3. g3 {[%emt 0:00:18]} Nf6 {[%emt 0:00:29]} 4. Bg2 {[%emt 0:00:17]} Bc5 {[%emt 0:00:10]} 5. e3 {[%emt 0:00:29]} O-O {[%emt 0:00:10]} 6. Nge2 {[%emt 0:00:41]} a6 {[%emt 0:00:09]} 7. O-O {[%emt 0:00:47]} d6 {[%emt 0:00:03]} 8. a3 {[%emt 0:01:11]} Bg4 {[%emt 0:00:44]} 9. b4 {[%emt 0:00:49]} Ba7 {[%emt 0:00:02]} 10. d3 {[%emt 0:00:45]} Qd7 {[%emt 0:00:18]} 11. Re1 {[%emt 0:00:45]} Qf5 {[%emt 0:00:56]} 12. Ne4 {[%emt 0:01:00]} Nxe4 {[%emt 0:00:39]} 13. dxe4 {[%emt 0:00:44]} Qh5 {[%emt 0:00:41]} 14. Qd3 {[%emt 0:00:22]} Nd8 {[%emt 0:00:16]} 15. Kh1 {[%emt 0:01:12]} Ne6 {[%emt 0:00:09]} 16. Ng1 {[%emt 0:00:11]} Ng5 {[%emt 0:00:49]} 17. f4 {[%emt 0:00:22]} exf4 {[%emt 0:01:58]} 18. gxf4 {[%emt 0:00:16]} Ne6 {[%emt 0:04:21]} 19. Ra2 {[%emt 0:01:04]} Rfe8 {[%emt 0:00:05]} 20. Rf2 {[%emt 0:00:37]} Nf8 {[%emt 0:00:36]} 21. Bf3 {[%emt 0:01:39]} Bxf3+ {[%emt 0:01:22]} 22. Nxf3 {[%emt 0:00:08]} Ng6 {[%emt 0:00:24]} 23. Nd4 {[%emt 0:01:04]} Qh4 {[%emt 0:00:35]} 24. Qc2 {[%emt 0:01:50]} Qe7 {[%emt 0:00:15]} 25. f5 {[%emt 0:00:10]} Nf8 {[%emt 0:01:13]} 26. Rf4 {[%emt 0:00:12]} f6 {[%emt 0:00:07]} 27. Rg1 {[%emt 0:00:16]} c5 {[%emt 0:00:22]} 28. bxc5 {[%emt 0:00:37]} dxc5 {[%emt 0:00:01]} 29. Nf3 {[%emt 0:00:09]} Qd7 {[%emt 0:02:10]} 30. Bb2 {[%emt 0:00:19]} Kh8 {[%emt 0:00:29]} 31. Rfg4 {[%emt 0:00:09]} Qf7 {[%emt 0:00:05]} 32. Rxg7 {[%emt 0:00:17]} Qxg7 {[%emt 0:00:01]} 33. Rxg7 {[%emt 0:00:02]} Kxg7 {[%emt 0:00:01]} 34. Qg2+ {[%emt 0:00:07]} Kf7 {[%emt 0:00:03]} 35. e5 {[%emt 0:00:19]} Rad8 {[%emt 0:00:14]} 36. e6+ {[%emt 0:00:09]} Nxe6 {[%emt 0:00:02]} 37. fxe6+ {[%emt 0:00:08]} Rxe6 {[%emt 0:00:00]} 38. Qg4 {[%emt 0:00:16]} Rxe3 {[%emt 0:00:41]} 39. Qh5+ {[%emt 0:00:15]} Ke6 {[%emt 0:00:02]} 40. Qh3+ {[%emt 0:00:23]} Kd6 {[%emt 0:00:19]} 41. Qf5 {[%emt 0:00:15]} Rde8 {[%emt 0:00:06]} 42. Qxf6+ {[%emt 0:00:09]} R3e6 {[%emt 0:00:06]} 43. Qf4+ {[%emt 0:00:10]} Kc6 {[%emt 0:00:15]} 44. Ne5+ {[%emt 0:00:05]} Kb6 {[%emt 0:00:01]} 45. Bc3 {[%emt 0:00:37]} R8e7 {[%emt 0:00:14]} 46. Qf5 {[%emt 0:00:15]} Rd6 {[%emt 0:00:21]} 47. Nd3 {[%emt 0:00:21]} Rc6 {[%emt 0:00:14]} 48. Nxc5 {[%emt 0:00:13]} Kc7 {[%emt 0:00:17]} 49. Be5+ {[%emt 0:00:04]} Kb6 {[%emt 0:00:06]} 50. Na4+ {[%emt 0:00:09]} Ka5 {[%emt 0:00:03]} 51. Bd6+ {[%emt 0:00:05]} 1-0

[Event "RUS-chT Women Rapid 2019"]
[Site "Sochi"]
[Date "2019.10.18"]
[Round "1.5"]
[White "Nikitina, Elena"]
[Black "Gunina, Valentina"]
[Result "0-1"]
[WhiteElo "2049"]
[BlackElo "2509"]
[Annotator "TA"]
[PlyCount "98"]
[EventDate "2019.10.18"]
[EventType "swiss"]
[EventCountry "RUS"]
[SourceTitle "playchess.com"]
[Source "ChessBase"]
[SourceQuality "1"]

{[%evp 11,108,0,15,-41,-32,-41,-41,-38,-39,-39,-39,-24,-23,-62,-62,-64,-64,-56,-63,-81,-68,-125,-97,-85,-89,-112,-85,-97,-92,-87,-98,-129,-127,-383,-373,-357,-291,-322,-315,-400,-396,-389,-397,-368,-306,-313,-275,-330,-295,-414,-401,-408,-405,-282,-272,-413,-398,-522,-510,-555,-528,-628,-467,-455,-445,-447,-418,-447,-371,-549,-558,-537,-529,-500,-500,-1587,-618,-617,-616,-609,-588,-551,-504,-475,-427,-591,-608,-532,-457,-2120,-2684,-2571,-3234,-2683,-2593,-1961,-1998,-6149,-4927]} 1. d4 Nf6 2. Nf3 e6 3. e3 c5 4. c4 d5 5. Nc3 Nc6 6. Be2 a6 7. b3 {D40: Queen's Gambit Declined: Semi-Tarrasch with 5 e3} ({White should try} 7. Ne5 $11) (7. O-O dxc4 8. dxc5 Qxd1 9. Rxd1 Bxc5 10. Bxc4 b5 11. Be2 Bb7 12. b3 Rd8 13. Bb2 O-O 14. Rxd8 Rxd8 15. Rd1 Rxd1+ 16. Bxd1 {½-½ (16) Adly,A (2636)-Amin,B (2692) Casablanca 2019}) 7... cxd4 $15 8. Nxd4 Bb4 9. Bb2 {Black is slightly better.} Qa5 10. Qc2 Nxd4 11. exd4 dxc4 (11... Ne4 $5 12. Rc1 $8 Qxa2 $11) 12. Bxc4 $146 ({Predecessor:} 12. O-O cxb3 13. axb3 Qc7 14. Rfc1 Bd7 15. Bf3 O-O 16. Qd3 Qb6 17. d5 e5 18. Ne4 Nxe4 19. Bxe4 f5 {0-1 (19) Cifuentes,S (1553)-Gallego,J (2025) Palmira 2017}) 12... b5 13. Bd3 Bb7 {[#] Strongly threatening ...Rc8.} 14. a3 Bd6 15. b4 Qc7 $36 {[%mdl 2048] Black has good play.} 16. f3 (16. Rc1 $1 $15) 16... Bxh2 17. Ne4 Nxe4 18. Bxe4 {[#] aiming for Qxc7.} Bg3+ 19. Ke2 {Threatens to win with Qxc7.} Qxc2+ 20. Bxc2 Bd5 21. Rh3 Bd6 22. Bxh7 $2 {[%mdl 8192]} (22. Bd3 $17 {keeps fighting.}) 22... g6 $19 23. Bc1 Rc8 24. Bd2 Kd7 25. Rc1 Rxc1 26. Bxc1 Rc8 27. Bd2 Be7 28. g4 Bf6 29. Kd3 Ke7 30. f4 (30. g5 $142 Bc4+ 31. Ke4) 30... Bg2 31. Rh2 Bf1+ 32. Ke3 Rc4 33. Kf2 (33. f5 $142 Bxd4+ 34. Kf3) 33... Bd3 34. Rh3 Bxd4+ 35. Ke1 Be4 36. f5 gxf5 37. gxf5 exf5 38. Rh6 Bf6 39. Rh5 Bb2 40. Bxf5 (40. Rh3 {was necessary.}) 40... Bxf5 {Black is clearly winning.} 41. Rxf5 Bxa3 {[%mdl 4096] Endgame KRB-KRB} 42. Bg5+ Kf8 43. Rf6 (43. Ke2 $142 Kg7 44. Be3) 43... Bxb4+ (43... Bc1 $142 44. Bxc1 Rxc1+ 45. Kd2 Ra1) 44. Ke2 a5 45. Rb6 Rc5 46. Bf6 {Rb8+ would kill now.} Kg8 47. Kd3 Kh7 48. Rb7 Kg6 49. Bd4 Rf5 {Played: Rc5-d5} 0-1

[Event "RUS-chT Women Rapid 2019"]
[Site "Sochi"]
[Date "2019.10.18"]
[Round "1.6"]
[White "Bivol, Alina"]
[Black "Absalyamova, Karina"]
[Result "1-0"]
[WhiteElo "2371"]
[BlackElo "1945"]
[Annotator "NA"]
[PlyCount "65"]
[EventDate "2019.10.18"]
[EventType "swiss"]
[EventCountry "RUS"]
[SourceTitle "playchess.com"]
[Source "ChessBase"]
[SourceQuality "1"]
[TimeControl "900+10"]

1. c4 {[%emt 0:00:00]} e5 {[%emt 0:00:00]} 2. g3 {[%emt 0:00:00]} Nc6 {[%emt 0:00:00]} 3. Bg2 {[%emt 0:00:01]} g6 {[%emt 0:00:00]} 4. Nc3 {[%emt 0:00:03]} Bg7 {[%emt 0:00:02]} 5. e3 {[%emt 0:00:03]} Nge7 {[%emt 0:00:05]} 6. Nge2 {[%emt 0:00:04]} d6 {[%emt 0:00:02]} 7. O-O {[%emt 0:00:30]} O-O {[%emt 0:00:03]} 8. d3 {[%emt 0:00:16]} Be6 {[%emt 0:00:08]} 9. Nd5 {[%emt 0:00:22]} f5 {[%emt 0:00:24]} 10. Rb1 {[%emt 0:00:05]} a5 {[%emt 0:01:15]} 11. a3 {[%emt 0:00:04]} Qd7 {[%emt 0:01:47]} 12. b4 {[%emt 0:00:16]} axb4 {[%emt 0:00:14]} 13. axb4 {[%emt 0:00:01]} Bxd5 {[%emt 0:00:27]} 14. cxd5 {[%emt 0:00:02]} Na7 {[%emt 0:00:08]} 15. Bb2 {[%emt 0:00:17]} Nb5 {[%emt 0:00:20]} 16. Qb3 {[%emt 0:00:08]} Ra6 {[%emt 0:01:05]} 17. Ra1 {[%emt 0:00:48]} Rfa8 {[%emt 0:00:10]} 18. Rxa6 {[%emt 0:00:03]} Rxa6 {[%emt 0:00:02]} 19. Rc1 {[%emt 0:00:08]} Nc8 {[%emt 0:00:43]} 20. Ra1 {[%emt 0:01:49]} Rxa1+ {[%emt 0:01:00]} 21. Bxa1 {[%emt 0:00:01]} Nb6 {[%emt 0:00:28]} 22. Qa2 {[%emt 0:00:37]} Qe8 {[%emt 0:01:54]} 23. e4 {[%emt 0:01:28]} Qa8 {[%emt 0:01:00]} 24. Qxa8+ {[%emt 0:00:16]} Nxa8 {[%emt 0:00:01]} 25. exf5 {[%emt 0:00:00]} gxf5 {[%emt 0:00:03]} 26. Bh3 {[%emt 0:00:02]} e4 {[%emt 0:01:26]} 27. d4 {[%emt 0:00:01]} Na3 {[%emt 0:03:49]} 28. Bxf5 {[%emt 0:00:18]} Nb6 {[%emt 0:00:06]} 29. Bxe4 {[%emt 0:00:14]} Nbc4 {[%emt 0:00:09]} 30. Bd3 {[%emt 0:00:52]} Nd2 {[%emt 0:00:31]} 31. Kg2 {[%emt 0:00:42]} Nac4 {[%emt 0:00:39]} 32. Bc3 {[%emt 0:00:13]} Kf7 {[%emt 0:00:20]} 33. Bxh7 {[%emt 0:00:16]} 1-0

[Event "RUS-chT Women Rapid 2019"]
[Site "Sochi"]
[Date "2019.10.18"]
[Round "1.7"]
[White "Idrisova, Roza"]
[Black "Maltsevskaya, Aleksandra"]
[Result "0-1"]
[WhiteElo "1945"]
[BlackElo "2333"]
[Annotator "NA"]
[PlyCount "64"]
[EventDate "2019.10.18"]
[EventType "swiss"]
[EventCountry "RUS"]
[SourceTitle "playchess.com"]
[Source "ChessBase"]
[SourceQuality "1"]
[TimeControl "900+10"]

1. d4 {[%emt 0:00:00]} Nf6 {[%emt 0:00:00]} 2. Nf3 {[%emt 0:00:00]} g6 {[%emt 0:00:00]} 3. c4 {[%emt 0:00:00]} Bg7 {[%emt 0:00:00]} 4. Nc3 {[%emt 0:00:00]} d6 {[%emt 0:00:00]} 5. e4 {[%emt 0:00:00]} O-O {[%emt 0:00:03]} 6. Be2 {[%emt 0:00:02]} e5 {[%emt 0:00:01]} 7. O-O {[%emt 0:00:03]} Nc6 {[%emt 0:00:03]} 8. d5 {[%emt 0:00:02]} Ne7 {[%emt 0:00:02]} 9. Bg5 {[%emt 0:00:03]} h6 {[%emt 0:00:04]} 10. Bxf6 {[%emt 0:00:02]} Bxf6 {[%emt 0:00:02]} 11. b4 {[%emt 0:00:04]} Bg7 {[%emt 0:00:31]} 12. c5 {[%emt 0:00:04]} f5 {[%emt 0:00:21]} 13. cxd6 {[%emt 0:00:06]} cxd6 {[%emt 0:00:01]} 14. Rc1 {[%emt 0:00:07]} Rf7 {[%emt 0:00:21]} 15. Nd2 {[%emt 0:00:11]} Kh7 {[%emt 0:00:50]} 16. a4 {[%emt 0:00:11]} Ng8 {[%emt 0:00:25]} 17. a5 {[%emt 0:00:46]} Nf6 {[%emt 0:01:53]} 18. Re1 {[%emt 0:04:50]} Qe7 {[%emt 0:02:10]} 19. b5 {[%emt 0:03:33]} Bd7 {[%emt 0:00:22]} 20. Qa4 {[%emt 0:00:33]} Raf8 {[%emt 0:00:20]} 21. Qb4 {[%emt 0:00:10]} h5 {[%emt 0:00:29]} 22. exf5 {[%emt 0:00:31]} Bxf5 {[%emt 0:01:54]} 23. Bf3 {[%emt 0:00:46]} Bh6 {[%emt 0:00:34]} 24. Rcd1 {[%emt 0:00:04]} Bg4 {[%emt 0:00:38]} 25. Bxg4 {[%emt 0:00:53]} Nxg4 {[%emt 0:00:02]} 26. Nde4 {[%emt 0:01:03]} Qh4 {[%emt 0:00:15]} 27. h3 {[%emt 0:00:50]} Nxf2 {[%emt 0:00:04]} 28. Rb1 {[%emt 0:01:03]} Nd3 {[%emt 0:00:32]} 29. g3 {[%emt 0:01:00]} Qxh3 {[%emt 0:00:05]} 30. Qxd6 {[%emt 0:00:30]} Nxe1 {[%emt 0:00:02]} 31. Rxe1 {[%emt 0:00:37]} Rf1+ {[%emt 0:00:02]} 32. Rxf1 {[%emt 0:00:17]} Rxf1# {[%emt 0:00:02]} 0-1

[Event "RUS-chT Women Rapid 2019"]
[Site "Sochi"]
[Date "2019.10.18"]
[Round "1.8"]
[White "Obolentseva, Alexandra"]
[Black "Baiburina, Kamilla"]
[Result "1-0"]
[WhiteElo "2282"]
[BlackElo "1966"]
[Annotator "NA"]
[PlyCount "49"]
[EventDate "2019.10.18"]
[EventType "swiss"]
[EventCountry "RUS"]
[SourceTitle "playchess.com"]
[Source "ChessBase"]
[SourceQuality "1"]
[TimeControl "900+10"]

1. d4 {[%emt 0:00:00]} Nf6 {[%emt 0:00:00]} 2. c4 {[%emt 0:00:00]} e6 {[%emt 0:00:00]} 3. Nc3 {[%emt 0:00:00]} Bb4 {[%emt 0:00:00]} 4. Qc2 {[%emt 0:00:00]} c5 {[%emt 0:00:00]} 5. dxc5 {[%emt 0:00:00]} Bxc5 {[%emt 0:00:00]} 6. Bf4 {[%emt 0:00:01]} Be7 {[%emt 0:00:31]} 7. e3 {[%emt 0:00:11]} b6 {[%emt 0:00:29]} 8. a3 {[%emt 0:01:07]} O-O {[%emt 0:00:40]} 9. Nb5 {[%emt 0:00:30]} Na6 {[%emt 0:01:14]} 10. Nf3 {[%emt 0:00:27]} Bb7 {[%emt 0:00:28]} 11. Nd6 {[%emt 0:00:03]} Bxd6 {[%emt 0:01:01]} 12. Bxd6 {[%emt 0:00:02]} Re8 {[%emt 0:00:14]} 13. b4 {[%emt 0:00:16]} Ne4 {[%emt 0:00:10]} 14. Bg3 {[%emt 0:00:17]} d5 {[%emt 0:01:00]} 15. Bd3 {[%emt 0:00:04]} Rc8 {[%emt 0:00:44]} 16. Rd1 {[%emt 0:00:53]} Qf6 {[%emt 0:00:46]} 17. Bxe4 {[%emt 0:00:53]} dxe4 {[%emt 0:00:23]} 18. Nd2 {[%emt 0:00:17]} Qg6 {[%emt 0:00:32]} 19. O-O {[%emt 0:00:07]} Red8 {[%emt 0:00:17]} 20. Qa4 {[%emt 0:00:26]} Rd3 {[%emt 0:00:56]} 21. c5 {[%emt 0:01:00]} f5 {[%emt 0:01:07]} 22. Nc4 {[%emt 0:00:22]} Qf6 {[%emt 0:01:25]} 23. Nd6 {[%emt 0:00:10]} Rxd6 {[%emt 0:02:16]} 24. Rxd6 {[%emt 0:00:09]} Nc7 {[%emt 0:00:58]} 25. Qxa7 {[%emt 0:00:19]} 1-0

[Event "RUS-chT Women Rapid 2019"]
[Site "Sochi"]
[Date "2019.10.18"]
[Round "1.9"]
[White "Tomilova, Elena"]
[Black "Semenova, Elena"]
[Result "1/2-1/2"]
[WhiteElo "2345"]
[BlackElo "2282"]
[Annotator "NA"]
[PlyCount "61"]
[EventDate "2019.10.18"]
[EventType "swiss"]
[EventCountry "RUS"]
[SourceTitle "playchess.com"]
[Source "ChessBase"]
[SourceQuality "1"]
[TimeControl "900+10"]

1. c4 {[%emt 0:00:00]} Nf6 {[%emt 0:00:00]} 2. Nf3 {[%emt 0:00:00]} e6 {[%emt 0:00:00]} 3. g3 {[%emt 0:00:00]} d5 {[%emt 0:00:00]} 4. b3 {[%emt 0:00:00]} d4 {[%emt 0:00:13]} 5. Bg2 {[%emt 0:00:05]} c5 {[%emt 0:00:06]} 6. e3 {[%emt 0:00:08]} Nc6 {[%emt 0:00:14]} 7. exd4 {[%emt 0:00:02]} cxd4 {[%emt 0:00:23]} 8. O-O {[%emt 0:00:05]} Bd6 {[%emt 0:01:29]} 9. d3 {[%emt 0:00:19]} h6 {[%emt 0:00:04]} 10. Re1 {[%emt 0:00:42]} O-O {[%emt 0:00:07]} 11. Ba3 {[%emt 0:00:10]} e5 {[%emt 0:00:38]} 12. b4 {[%emt 0:00:48]} Re8 {[%emt 0:02:07]} 13. b5 {[%emt 0:00:25]} Nb8 {[%emt 0:00:54]} 14. c5 {[%emt 0:00:27]} Bc7 {[%emt 0:00:04]} 15. Nbd2 {[%emt 0:00:18]} Nd5 {[%emt 0:00:14]} 16. Nc4 {[%emt 0:01:23]} Nc3 {[%emt 0:02:56]} 17. Qb3 {[%emt 0:00:16]} Nd7 {[%emt 0:01:29]} 18. Nd6 {[%emt 0:01:18]} Bxd6 {[%emt 0:00:18]} 19. cxd6 {[%emt 0:00:01]} Qb6 {[%emt 0:01:20]} 20. Rac1 {[%emt 0:04:29]} Nxb5 {[%emt 0:01:12]} 21. Bh3 {[%emt 0:00:20]} Nxa3 {[%emt 0:01:04]} 22. Qxa3 {[%emt 0:00:06]} Nf6 {[%emt 0:00:50]} 23. Bxc8 Raxc8 {[%emt 0:00:01]} 24. Rb1 {[%emt 0:01:00]} Qc6 {[%emt 0:00:53]} 25. Nxe5 {[%emt 0:00:17]} Qd5 {[%emt 0:00:01]} 26. d7 {[%emt 0:01:05]} Nxd7 {[%emt 0:00:16]} 27. Nxd7 {[%emt 0:00:01]} Qxd7 {[%emt 0:00:01]} 28. Qxa7 {[%emt 0:00:03]} Rxe1+ {[%emt 0:00:10]} 29. Rxe1 {[%emt 0:00:01]} Rc2 {[%emt 0:00:33]} 30. Qa5 {[%emt 0:01:52]} Rc3 {[%emt 0:00:40]} 31. Rd1 {[%emt 0:01:22]} 1/2-1/2